000 00338nam a22001217a 4500
082 _a004
_bDEP/I
100 _aDEPT OF EDUCATION, GOVT OF KERALA
245 _aINFORMATION TECHNOLOGY- TO PREPARE REPORT OF A PROJECT ATTRACTIVELY
260 _aTRIVANDRUM
_bSIET KERALA
300 _bENGLISH-MALAYALAM VCD
650 _aIT
_zKERALA
942 _cBK
999 _c7990
_d7990